Ikala, revista de lenguaje y cultura

Saved in:
Bibliographic Details
Format: Serial
Language:Spanish
Published: Medellín University of Antioquia
Tags: Add Tag
No Tags, Be the first to tag this record!

MARC

LEADER 00000nas1a2200000 4500
001 0307048
005 20250701092120.5
022 |a 0123-3432 
022 |a 2145-566X 
041 0 |a spa 
044 |a CO 
245 1 0 |a Ikala, revista de lenguaje y cultura 
264 1 |a Medellín  |b University of Antioquia